[Event "US Open-102"]
[Site "Framingham"]
[Date "2001.08.07"]
[Round "4"]
[White "Mercuri, Louis A"]
[Black "Friedman, Josef"]
[Result "1/2-1/2"]
[WhiteElo "2205"]
[BlackElo "2118"]
[PlyCount "62"]
[EventDate "2001.08.04"]
[EventType "swiss"]
[EventRounds "9"]
[EventCountry "USA"]
[SourceTitle "CBM 083 Extra"]
[Source "ChessBase"]
[SourceDate "2001.09.11"]
[SourceVersion "1"]
[SourceVersionDate "2001.09.11"]
[SourceQuality "1"]

1. e4 c5 2. Nf3 e6 3. c3 d5 4. exd5 Qxd5 5. d4 Nf6 6. Be3 cxd4 7. cxd4 Bb4+ 8. Nc3 0-0 9. Bd3 b6 10. 0-0 Bxc3 11. bxc3 Ba6 12. Bxa6 Nxa6 13. Qa4 Nb8 14. c4 Qc6 15. Qb3 Nbd7 16. Rfd1 Rac8 17. Rac1 Qe4 18. h3 h6 19. a4 e5 20. Nxe5 Nxe5 21. dxe5 Qxe5 22. Bd4 Qg5 23. Qb5 Rfd8 24. Qxg5 hxg5 25. Bxf6 gxf6 26. Rxd8+ Rxd8 27. a5 Kf8 28. axb6 axb6 29. Rb1 Rd6 30. Rb5 Rc6 31. Kf1 Rxc4 1/2-1/2

[Event "Queen City op 13th"]
[Site "Manchester"]
[Date "1989.02.19"]
[Round "4"]
[White "Mercuri, Louis A"]
[Black "Rizzitano, James"]
[Result "1/2-1/2"]
[WhiteElo "2259"]
[BlackElo "2463"]
[PlyCount "80"]
[EventDate "1989.02.??"]
[EventType "swiss"]
[EventRounds "5"]
[EventCountry "USA"]
[SourceTitle "EXT 2005"]
[Source "ChessBase"]
[SourceDate "2004.11.15"]
[SourceVersion "1"]
[SourceVersionDate "2004.11.15"]
[SourceQuality "1"]

1. e4 g6 2. d4 Bg7 3. Nc3 d6 4. f4 c6 5. Nf3 Qb6 6. Bc4 Nh6 7. h3 d5 8. Bb3 dxe4 9. Nxe4 Nf5 10. c3 0-0 11. 0-0 Nd7 12. Qe1 Nf6 13. Nxf6+ Bxf6 14. g4 Nd6 15. Be3 Qc7 16. Ne5 e6 17. Rd1 Bg7 18. Qh4 Qd8 19. Qg3 a5 20. Bc2 f6 21. Nf3 b6 22. h4 Kh8 23. Rf2 f5 24. g5 Bd7 25. Rh2 Be8 26. Ne5 Rg8 27. Qf3 Qc7 28. Bb3 Qc8 29. Kg2 a4 30. Bc2 Ra7 31. Rdh1 h5 32. gxh6 Bf6 33. Kf1 c5 34. Rg1 Bxe5 35. fxe5 Bc6 36. Qf4 Ne4 37. Bxe4 Bxe4 38. h5 cxd4 39. Bxd4 Qc4+ 40. Kf2 Qd3 1/2-1/2